Chillers (Record no. 8796)

MARC details
000 -LEADER
fixed length control field 00775nam a22002177a 4500
003 - CONTROL NUMBER IDENTIFIER
control field OSt
005 - DATE AND TIME OF LATEST TRANSACTION
control field 20260310005445.0
008 - FIXED-LENGTH DATA ELEMENTS--GENERAL INFORMATION
fixed length control field 260310b |||||||| |||| 00| 0 eng d
020 ## - INTERNATIONAL STANDARD BOOK NUMBER
International Standard Book Number 0-7136-4421-4
040 ## - CATALOGING SOURCE
Original cataloging agency DWCL GS lib
Transcribing agency OC
082 ## - DEWEY DECIMAL CLASSIFICATION NUMBER
Edition number H866c 1996
100 ## - MAIN ENTRY--PERSONAL NAME
Personal name HUDDY, DELIA
245 ## - TITLE STATEMENT
Title Chillers
Remainder of title the nearly ghost baby
Statement of responsibility, etc. Delia Huddy
260 ## - PUBLICATION, DISTRIBUTION, ETC.
Place of publication, distribution, etc. London
Name of publisher, distributor, etc. A & C Black
Date of publication, distribution, etc. 1996
300 ## - PHYSICAL DESCRIPTION
Extent vii, 64 pages:
Dimensions 20 cm.
520 ## - SUMMARY, ETC.
Summary, etc. Lisa visits the seemingly ideal Beacon House, only to discover it is haunted by a tragic past that specifically threatens her crying baby brother.
546 ## - LANGUAGE NOTE
Language note English
650 ## - SUBJECT ADDED ENTRY--TOPICAL TERM
Source of heading or term Being Kind to Others, Not Judging by Appearance
650 ## - SUBJECT ADDED ENTRY--TOPICAL TERM
Source of heading or term Kindness and Compassion, Acceptance of Differences
942 ## - ADDED ENTRY ELEMENTS (KOHA)
Source of classification or shelving scheme Dewey Decimal Classification
Koha item type Fiction
Classification part Fic.
Suppress in OPAC No

No items available.